| 000 | 00623cam a2200145 4500500 | ||
|---|---|---|---|
| 005 | 20260208002336.0 | ||
| 041 | _afre | ||
| 042 | _adc | ||
| 100 | 1 | 0 |
_aLegrand, Caroline _eauthor |
| 245 | 0 | 0 | _aJudith S. Modell, A Sealed and Secret Kinship. The Culture of Policies and Practices in American Adoption, New York, Berghahn Books, 2002, 220 p., bibl., index. («Public Issues in Anthropological Perspectives» 3) |
| 260 | _c2005. | ||
| 500 | _a49 | ||
| 786 | 0 | _nL'Homme | 173 | 1 | 2005-01-01 | p. 199o-283o | 0439-4216 | |
| 856 | 4 | 1 | _uhttps://shs.cairn.info/revue-l-homme-2005-1-page-199o?lang=fr&redirect-ssocas=7080 |
| 999 |
_c1645927 _d1645927 |
||